<?xml version="1.0" encoding="UTF-8"?>
<record
    xmlns:xsi="http://www.w3.org/2001/XMLSchema-instance"
    xsi:schemaLocation="http://www.loc.gov/MARC21/slim http://www.loc.gov/standards/marcxml/schema/MARC21slim.xsd"
    xmlns="http://www.loc.gov/MARC21/slim">

  <leader>01802nam0a22003251  4500</leader>
  <controlfield tag="001">v19\rc\1958991</controlfield>
  <controlfield tag="005">20260405235822.0</controlfield>
  <datafield tag="035" ind1=" " ind2=" ">
    <subfield code="a">(NLR Aleph) 005268860</subfield>
  </datafield>
  <datafield tag="090" ind1=" " ind2=" ">
    <subfield code="a">5977820</subfield>
    <subfield code="c">5977820</subfield>
  </datafield>
  <datafield tag="100" ind1=" " ind2=" ">
    <subfield code="a">20080428d1913    |||y0rusy50      ca</subfield>
  </datafield>
  <datafield tag="101" ind1="0" ind2=" ">
    <subfield code="a">rus</subfield>
  </datafield>
  <datafield tag="102" ind1=" " ind2=" ">
    <subfield code="a">RU</subfield>
  </datafield>
  <datafield tag="105" ind1=" " ind2=" ">
    <subfield code="a">acghz   |||||</subfield>
  </datafield>
  <datafield tag="200" ind1="1" ind2=" ">
    <subfield code="a">&#x418;&#x441;&#x442;&#x43E;&#x440;&#x438;&#x44F; &#x43C;&#x443;&#x437;&#x44B;&#x43A;&#x438; [&#x432;&#x441;&#x435;&#x445; &#x432;&#x440;&#x435;&#x43C;&#x435;&#x43D; &#x438; &#x43D;&#x430;&#x440;&#x43E;&#x434;&#x43E;&#x432;]</subfield>
    <subfield code="f">&#x41F;&#x440;&#x43E;&#x444;. &#x41B;.&#x410;. &#x421;&#x430;&#x43A;&#x43A;&#x435;&#x442;&#x442;&#x438;</subfield>
    <subfield code="h">&#x422;. 3</subfield>
    <subfield code="i">[&#x414;&#x435;&#x432;&#x44F;&#x442;&#x43D;&#x430;&#x434;&#x446;&#x430;&#x442;&#x44B;&#x439; &#x432;&#x435;&#x43A;]</subfield>
  </datafield>
  <datafield tag="210" ind1=" " ind2=" ">
    <subfield code="a">&#x421;&#x430;&#x43D;&#x43A;&#x442;-&#x41F;&#x435;&#x442;&#x435;&#x440;&#x431;&#x443;&#x440;&#x433;</subfield>
    <subfield code="c">&#x428;&#x438;&#x43F;&#x43E;&#x432;&#x43D;&#x438;&#x43A;</subfield>
    <subfield code="d">1913</subfield>
  </datafield>
  <datafield tag="215" ind1=" " ind2=" ">
    <subfield code="a">296 &#x441;., 8 &#x43B;. &#x438;&#x43B;., &#x43F;&#x43E;&#x440;&#x442;&#x440;., &#x43D;&#x43E;&#x442;., &#x444;&#x430;&#x43A;&#x441;.</subfield>
    <subfield code="c">&#x438;&#x43B;., &#x43F;&#x43E;&#x440;&#x442;&#x440;., &#x43D;&#x43E;&#x442;.</subfield>
    <subfield code="d">29</subfield>
  </datafield>
  <datafield tag="300" ind1=" " ind2=" ">
    <subfield code="a">&#x418;&#x437;&#x434;. &#x43D;&#x435; &#x437;&#x430;&#x43A;&#x43E;&#x43D;&#x447;&#x435;&#x43D;&#x43E;; &#x432;&#x44B;&#x448;&#x43B;&#x43E; &#x442;&#x43E;&#x43B;&#x44C;&#x43A;&#x43E; 3 &#x432;&#x44B;&#x43F;. 3 &#x442;.</subfield>
  </datafield>
  <datafield tag="327" ind1="1" ind2=" ">
    <subfield code="a">&#x421;&#x43E;&#x434;&#x435;&#x440;&#x436;.: &#x411;&#x435;&#x442;&#x445;&#x43E;&#x432;&#x435;&#x43D;; &#x418;&#x441;&#x442;&#x43E;&#x440;&#x438;&#x44F; &#x43F;&#x435;&#x441;&#x43D;&#x438;: &#x424;&#x440;&#x430;&#x43D;&#x446; &#x428;&#x443;&#x431;&#x435;&#x440;&#x442;. &#x41A;. &#x41B;&#x435;&#x432;&#x435;; &#x412;&#x435;&#x431;&#x435;&#x440;</subfield>
  </datafield>
  <datafield tag="464" ind1=" " ind2="0">
    <subfield code="1">2001#$a&#x411;&#x435;&#x442;&#x445;&#x43E;&#x432;&#x435;&#x43D;$a&#x418;&#x441;&#x442;&#x43E;&#x440;&#x438;&#x44F; &#x43F;&#x435;&#x441;&#x43D;&#x438;$e&#x424;&#x440;&#x430;&#x43D;&#x446; &#x428;&#x443;&#x431;&#x435;&#x440;&#x442;. &#x41A;. &#x41B;&#x435;&#x432;&#x435;$a&#x412;&#x435;&#x431;&#x435;&#x440;</subfield>
    <subfield code="1">702#1$3RU\NLR\AUTH\7710222$7ca$a&#x411;&#x435;&#x442;&#x445;&#x43E;&#x432;&#x435;&#x43D;$b&#x41B;. &#x432;&#x430;&#x43D;$f1770-1827$g&#x41B;&#x44E;&#x434;&#x432;&#x438;&#x433; &#x432;&#x430;&#x43D;$4570</subfield>
    <subfield code="1">702#1$3RU\NLR\AUTH\77108614$7ca$a&#x428;&#x443;&#x431;&#x435;&#x440;&#x442;$b&#x424;.$f1797-1828$g&#x424;&#x440;&#x430;&#x43D;&#x446;$4570</subfield>
    <subfield code="1">702#1$3RU\NLR\AUTH\7758446$7ca$a&#x412;&#x435;&#x431;&#x435;&#x440;$b&#x41A;. &#x41C;. &#x444;&#x43E;&#x43D;$f1786-1826$g&#x41A;&#x430;&#x440;&#x43B; &#x41C;&#x430;&#x440;&#x438;&#x44F; &#x444;&#x43E;&#x43D;$4570</subfield>
    <subfield code="t">&#x412;&#x435;&#x431;&#x435;&#x440;</subfield>
  </datafield>
  <datafield tag="517" ind1="0" ind2=" ">
    <subfield code="a">&#x414;&#x435;&#x432;&#x44F;&#x442;&#x43D;&#x430;&#x434;&#x446;&#x430;&#x442;&#x44B;&#x439; &#x432;&#x435;&#x43A;</subfield>
  </datafield>
  <datafield tag="532" ind1="1" ind2="3">
    <subfield code="a">&#x418;&#x441;&#x442;&#x43E;&#x440;&#x438;&#x44F; &#x43C;&#x443;&#x437;&#x44B;&#x43A;&#x438; &#x432;&#x441;&#x435;&#x445; &#x432;&#x440;&#x435;&#x43C;&#x435;&#x43D; &#x438; &#x43D;&#x430;&#x440;&#x43E;&#x434;&#x43E;&#x432;</subfield>
  </datafield>
  <datafield tag="700" ind1=" " ind2="1">
    <subfield code="8">rus</subfield>
    <subfield code="7">ca</subfield>
    <subfield code="a">&#x421;&#x430;&#x43A;&#x43A;&#x435;&#x442;&#x442;&#x438;</subfield>
    <subfield code="b">&#x41B;. &#x410;.</subfield>
    <subfield code="f">1852-1916</subfield>
    <subfield code="g">&#x41B;&#x438;&#x432;&#x435;&#x440;&#x438;&#x439; &#x410;&#x43D;&#x442;&#x43E;&#x43D;&#x43E;&#x432;&#x438;&#x447;</subfield>
    <subfield code="3">RU\NLR\AUTH\77109423</subfield>
    <subfield code="9">92348</subfield>
  </datafield>
  <datafield tag="801" ind1=" " ind2="0">
    <subfield code="a">RU</subfield>
    <subfield code="b">NLR</subfield>
    <subfield code="c">20080428</subfield>
    <subfield code="g">psbo</subfield>
  </datafield>
  <datafield tag="801" ind1=" " ind2="0">
    <subfield code="a">RU</subfield>
    <subfield code="b">RuMoRGB</subfield>
    <subfield code="c">20080428</subfield>
    <subfield code="2">psbo</subfield>
  </datafield>
  <datafield tag="801" ind1=" " ind2="1">
    <subfield code="a">RU</subfield>
    <subfield code="b">ProSoft-M</subfield>
    <subfield code="c">20080428</subfield>
    <subfield code="2">rusmarc</subfield>
  </datafield>
  <datafield tag="801" ind1=" " ind2="2">
    <subfield code="a">RU</subfield>
    <subfield code="b">NLR</subfield>
    <subfield code="c">20120229</subfield>
    <subfield code="2">rusmarc</subfield>
  </datafield>
  <datafield tag="852" ind1=" " ind2=" ">
    <subfield code="a">NLR</subfield>
    <subfield code="j">37.8.1.9(&#x442;. 1-3)</subfield>
  </datafield>
  <datafield tag="852" ind1=" " ind2=" ">
    <subfield code="a">NLR</subfield>
    <subfield code="j">&#x41A;&#x440; II/2717(&#x442;. 1-3)</subfield>
  </datafield>
  <datafield tag="942" ind1=" " ind2=" ">
    <subfield code="c">BOOK</subfield>
  </datafield>
  <datafield tag="980" ind1=" " ind2=" ">
    <subfield code="a">NB</subfield>
  </datafield>
  <datafield tag="995" ind1=" " ind2=" ">
    <subfield code="5">2013-10-26</subfield>
    <subfield code="b">NLR02</subfield>
    <subfield code="c">NLR02</subfield>
    <subfield code="e">RFS</subfield>
    <subfield code="f">5268860-10</subfield>
    <subfield code="k">37.8.1.9(&#x442;. 1-3)</subfield>
    <subfield code="o">0</subfield>
    <subfield code="r">BOOK</subfield>
    <subfield code="s">37819_13</subfield>
  </datafield>
  <datafield tag="995" ind1=" " ind2=" ">
    <subfield code="5">2013-10-26</subfield>
    <subfield code="b">NLR01</subfield>
    <subfield code="c">NLR01</subfield>
    <subfield code="e">OLCAA</subfield>
    <subfield code="f">5268860-20</subfield>
    <subfield code="k">&#x41A;&#x440; II/2717(&#x442;. 1-3)</subfield>
    <subfield code="o">0</subfield>
    <subfield code="r">BOOK</subfield>
    <subfield code="s">_II271713</subfield>
  </datafield>
  <datafield tag="995" ind1=" " ind2=" ">
    <subfield code="5">2014-06-02</subfield>
    <subfield code="b">NLR01</subfield>
    <subfield code="c">NLR01</subfield>
    <subfield code="e">OBM</subfield>
    <subfield code="f">1-524665</subfield>
    <subfield code="o">0</subfield>
    <subfield code="r">BOOK</subfield>
  </datafield>
</record>
